1451 1940 1943 1327 1460 1436 1497 1677 1201 1370 1675 1672 1194 1160 1866 1267 1116 1176 1775 1191 1198 1254 1018 1616 1666 1251 1092 1840 1916 1417 1000 1097 1891 1175 1777 1900 1994 1669 1084 1232 1270 1090 1408 1650 1931 1104 1752 1047 1475 1306 1589 1225 1360 1595 1178 1195 1310 1812 1216 1041 1530 1077 1347 1923 1347 1072 1435 1518 1192 1239 1940 1820 1721 1969 1094 1083 1156 1905 1286 1325 1056 1569 1696 1287 1200 1259 1962 1390 1711 1619 1369 1429 1864 1028 1161 1783 1752 1711 1439 BCNSPRNW ULIB Ver.6.0+V

เปลี่ยนเป็นภาษาไทย

Change to English
 แสดงรายละเอียดบรรณานุกรม
  กลับหน้าหลัก

Brief Record : Get Marc (ISO 2709) : E-mail record : QR code < ปิดหน้าต่าง
LEADER : 00000nam 2200000uu 4500
001    13399124781
003     ULIB
008    160323s2014||||th 000 0 eng d
020    ^a9781451189759
060  0 ^aWY106^bA425C
100 0  ^aAllender, Judith Ann
245 00 ^aCommunity and Public Health Nursing : Promoting the Public^'s Health /^cAllender, Judith Ann
250    ^a8 th.ed. (31 ม.ค.57)
260    ^aPhiladelphia :^bWolters Kluwer/Lippincott Williams & Wilkins,^c2014
300    ^a1086 p. :^bIllus ; Table ;^c27.5 ซม.
650  0 ^aCommunity Health Nursing
650  0 ^aPublic Health Nursing
700 1  ^aRector, Cherie
700 1  ^aWarner, Kristine
945    ^p3000^l0^i000330
999    ^aเกษร โพธิ์สุวรรณ
รายการนี้ยังไม่มีแท็ก
คุณยังไม่ได้ล็อกอิน คุณสามารถมีกิจกรรมร่วมกับเว็บไซต์ได้ แต่ต้องล็อกอินก่อน ::
  ล็อกอิน

รายการสื่อสารสนเทศ

ลำดับที่ ประเภท เลขเรียก/บาร์โค้ด สถานที่ สถานะ
1. Book การพยาบาล
Book การพยาบาล
WY106 A425C ฉ.1 
  Barcode: 000330
ห้องสมุดวิทยาเขตสวรรค์ประชารักษ์
►หนังสือทั่วไป
บนชั้น

รายการใกล้เคียง
    หัวเรื่อง [Community Health Nursing]
    หัวเรื่อง [Public Health Nursing]

BibComment


ยังไม่เคยถูกคอมเมนท์

คอมเมนท์ทรัพยากรรายการนี้
  คอมเมนท์: Community and Pu..


 Copyright 2026. Bcnsprnw @Library